000 00400pab a2200157 454500
008 180718b1962 xxu||||| |||| 00| 0 eng d
100 _aNath, V.
245 _aThe role of technical departments under Panchayati Raj
260 _c1962
300 _ap.512-521.
362 _aOct-Dec
650 _aPanchayat
773 _aIndian Journal of Public Administration
908 _aN
909 _a100439
999 _c100438
_d100438